[Event "nine"]
[Site "http://www.queenalice.com/game.php?id=134742"]
[Date "2006.11.29"]
[Round "-"]
[White "waleriot"]
[Black "lipikinis"]
[Result "1-0"]
[WhiteElo "1617"]
[BlackElo "1523"]

1. d4 b6 2. e4 Bb7 3. Nc3 d6 4. Nf3 g6 5. Bd3 Bg7 6. Bb5+ Nd7 7. O-O Nf6 8. e5
Nd5 9. e6 fxe6 10. Ng5 Bf6 11. Nxe6 Qc8 12. Qd2 Ba6 13. Bxa6 Qxa6 14. Nxd5 Kf7
15. Ndxc7 Qxf1+ 16. Kxf1 Rag8 17. Qh6 Bg7 18. Qh4 h6 19. Bd2 Nf6 20. Re1 Ne8 21.
Nd5 Nf6 22. Qf4 g5 23. Qf5 Rc8 24. Nec7 Bf8 25. Qxc8 Bg7 26. Qe6+ Kg6 27. Qxe7
Nxd5 28. Nxd5 Bxd4 29. Qe4+ Kh5 30. Qxd4 Rc8 31. Qe4 b5 32. Nf6# 1-0

[Event "five"]
[Site "http://www.queenalice.com/game.php?id=134780"]
[Date "2006.11.29"]
[Round "-"]
[White "waleriot"]
[Black "pr0n"]
[Result "1-0"]
[WhiteElo "1606"]
[BlackElo "1488"]

1. d4 d5 2. Nc3 e6 3. e4 dxe4 4. Nxe4 Nc6 5. Nf3 f5 6. Nc3 Bb4 7. Bd2 Nxd4 8.
Nxd4 Qxd4 9. Be2 Bd7 10. Nb5 Bxb5 11. c3 Bxc3 12. bxc3 Qh4 13. Bxb5+ c6 14. Be2
a6 15. Bh5+ g6 16. Bf3 Nh6 17. Qc1 Rd8 18. Bxh6 e5 19. Bg5 Qc4 20. Bxd8 Kxd8 21.
Qg5+ Kc7 22. Qe7+ Kb6 23. Rb1+ Ka5 24. Qxe5+ Qd5 25. Qxh8 Qc5 26. O-O h5 27.
Qd8+ Ka4 28. Bd1+ Ka3 29. Qd2 b6 30. Qb2# 1-0

[Event "four"]
[Site "http://www.queenalice.com/game.php?id=134781"]
[Date "2006.11.29"]
[Round "-"]
[White "waleriot"]
[Black "Twinigo"]
[Result "0-1"]
[WhiteElo "1611"]
[BlackElo "1963"]

1. e4 c5 2. Nf3 Nc6 3. Nc3 e6 4. d4 cxd4 5. Nxd4 a6 6. Be2 Bc5 7. Be3 Qf6 8.
Nxc6 Bxe3 9. fxe3 dxc6 10. Qd2 Qd8 11. Qxd8+ Kxd8 12. Na4 Kc7 13. O-O-O Nf6 14.
Rhf1 e5 15. Nc3 Be6 16. h3 h5 17. b3 b5 18. Bd3 Nd7 19. b4 Nb6 20. a3 f6 21. Be2
a5 22. bxa5 Rxa5 23. Kb2 Rha8 24. Bxh5 Nc4+ 25. Kb3 Rxa3+ 26. Kb4 Kb6 27. Rd6
Nxd6 28. Bg4 c5# 0-1

[Event "14bis"]
[Site "http://www.queenalice.com/game.php?id=134787"]
[Date "2006.11.29"]
[Round "-"]
[White "waleriot"]
[Black "Dean20"]
[Result "1-0"]
[WhiteElo "1611"]
[BlackElo "1663"]

1. d4 Nf6 2. Nc3 d5 3. e3 Bg4 4. Nf3 Nc6 5. Be2 Bxf3 6. Bxf3 e5 7. dxe5 Nxe5 8.
O-O c6 9. a3 Qd7 10. Bh5 g6 11. Bf3 Qd6 12. b4 h5 13. Bb2 Neg4 14. g3 O-O-O 15.
Na4 b5 16. Nc5 Be7 17. Bg2 Rhe8 18. Qe2 Qc7 19. Rad1 Bxc5 20. bxc5 Qa5 21. h3
Ne5 22. Rd4 Nc4 23. Rxc4 bxc4 24. Bxf6 Rd7 25. h4 Rb7 26. Qf3 Qxc5 27. Bh3+ Kc7
28. Qf4+ Qd6 29. a4 Qxf4 30. exf4 1-0

[Event "eleven"]
[Site "http://www.queenalice.com/game.php?id=136159"]
[Date "2006.12.2"]
[Round "-"]
[White "waleriot"]
[Black "MadScot"]
[Result "0-1"]
[WhiteElo "1619"]
[BlackElo "1697"]

1. d4 d5 2. Nc3 Nf6 3. Nf3 g6 4. e3 Bg7 5. Bd3 O-O 6. e4 dxe4 7. Nxe4 Nxe4 8.
Bxe4 c5 9. Be3 cxd4 10. Bxd4 Nc6 11. Qd2 Nxd4 12. O-O-O Ne6 13. Ng5 Qxd2+ 14.
Rxd2 Nxg5 15. Bd3 Be6 16. b3 Rfd8 17. f3 Bd7 18. Re1 Ne6 19. Red1 Bc6 20. Bc4
Rxd2 21. Rxd2 Bh6 22. Bxe6 fxe6 23. g4 Rd8 0-1

[Event "five"]
[Site "http://www.queenalice.com/game.php?id=136160"]
[Date "2006.12.2"]
[Round "-"]
[White "waleriot"]
[Black "Bluemofia"]
[Result "0-1"]
[WhiteElo "1618"]
[BlackElo "1708"]

1. d4 d5 2. Nc3 Nf6 3. Nf3 Bf5 4. e3 Nc6 5. Bd3 Bxd3 6. Qxd3 e6 7. Bd2 Nb4 8.
Qb5+ Nc6 9. Qxb7 Rb8 10. Qxc6+ Nd7 11. e4 Rxb2 12. exd5 exd5 13. Nxd5 Bd6 14. c4
O-O 15. O-O Nb8 16. Qa4 c6 17. Bc1 Rb7 18. c5 cxd5 19. cxd6 Qxd6 20. Qc2 Rc7 21.
Qd3 h6 22. Re1 Na6 23. a3 Re7 24. Re5 f6 25. Rh5 Nc7 26. Nh4 Re1+ 27. Qf1 Rxf1+
28. Kxf1 Re8 29. Nf3 Qa6+ 30. Kg1 Qe2 31. Be3 Qb2 32. Rc1 Nb5 33. Rc5 Nc3 34. g3
Qxa3 35. Rc7 Re7 36. Rxe7 Qxe7 37. Nh4 a5 38. Ng6 Qf7 39. Nf4 a4 40. Bc1 g5 41.
Rxh6 gxf4 42. Bd2 Ne4 43. Bxf4 a3 44. Bc1 a2 45. Bb2 Qb7 46. Rg6+ Kh7 47. Rg4
Qxb2 48. Rh4+ Kg6 49. Kg2 Qxf2+ 50. Kh3 Ng5+ 51. Kg4 Qf3# 0-1

[Event "one"]
[Site "http://www.queenalice.com/game.php?id=136161"]
[Date "2006.12.2"]
[Round "-"]
[White "waleriot"]
[Black "databass"]
[Result "0-1"]
[WhiteElo "1629"]
[BlackElo "1431"]

1. d4 d5 2. Nc3 Nf6 3. e3 e6 4. Bd3 Bb4 5. Bd2 O-O 6. Nce2 Nc6 7. Nf3 Bd7 8. h3
Ne4 9. g4 Nxd2 10. Nxd2 e5 11. c3 e4 12. Bb5 Ba5 13. f3 exf3 14. Nxf3 Re8 15.
Qd3 Qf6 16. Bxc6 Bxc6 17. b4 Qxf3 18. O-O-O Bb6 19. g5 g6 20. Kd2 a6 21. Rdf1
Qe4 22. Qxe4 dxe4 23. a3 Bb5 24. Ke1 a5 25. Rf5 gxf5 26. Nf4 axb4 27. axb4 Ra1+
28. Kf2 Rxh1 29. Kg2 Rc1 30. Nd5 Ra8 31. Kg3 Rg1+ 32. Kf4 Rf1+ 33. Ke5 Re8+ 34.
Kf6 Re6# 0-1

[Event "five two"]
[Site "http://www.queenalice.com/game.php?id=136356"]
[Date "2006.12.2"]
[Round "-"]
[White "waleriot"]
[Black "charles31"]
[Result "0-1"]
[WhiteElo "1629"]
[BlackElo "1633"]

1. e4 e5 2. d4 exd4 3. Nf3 c5 4. Bg5 f6 5. Bd2 d5 6. exd5 Qxd5 7. Qe2+ Be7 8. c4
Qd6 9. Qd3 Nc6 10. Be2 Be6 11. O-O Ne5 12. Nxe5 Qxe5 13. Na3 b6 14. g3 Bd6 15.
Kg2 Ne7 16. h3 a6 17. Bg4 Bxg4 18. hxg4 f5 19. Bf4 Qf6 20. Bxd6 Qxd6 21. gxf5
Qc6+ 22. Qf3 Qxf3+ 23. Kxf3 Nxf5 24. Rfe1+ Ne7 25. Re4 O-O+ 26. Kg4 Ng6 27. f3
d3 28. Rd1 Rad8 29. f4 Nh8 30. Kf3 h5 31. Nb1 g5 32. Ke3 gxf4+ 33. gxf4 Rf6 34.
Rh1 Rh6 35. f5 b5 36. Nd2 bxc4 37. Nxc4 Nf7 38. Kd2 Ng5 39. Re5 Nf3+ 40. Kc1
Nxe5 41. Nxe5 Rd4 42. Nf3 Rd5 43. Nh4 d2+ 44. Kd1 Kf7 45. Nf3 Kf6 46. Rf1 h4 47.
Nxd2 Rh5 48. Kc2 Rdxf5 49. Re1 Rf4 50. Re4 Kf5 51. Rc4 Rxc4+ 52. Nxc4 h3 53.
Ne3+ Kf4 54. Nf1 Kf3 55. Kd2 Kf2 56. Nh2 Rg5 57. b3 Rg2 58. Kc3 Rxh2 59. Kc4 Ke1
60. a4 Rc2+ 61. Kd5 h2 62. Kc6 h1=Q+ 63. Kb6 Rc4 64. bxc4 Ke2 65. Kxa6 Qb1 66.
a5 Qg6+ 67. Kb5 Qd6 68. a6 Qc7 69. a7 Qxa7 70. Kc6 Kd3 71. Kb5 Kd4 72. Kc6 Kxc4
73. Kd6 Qb7 74. Ke5 Qd5+ 75. Kf4 Kb5 76. Ke3 c4 77. Ke2 c3 0-1

[Event "Rematch ;-)"]
[Site "http://www.queenalice.com/game.php?id=147804"]
[Date "2006.12.29"]
[Round "-"]
[White "Twinigo"]
[Black "waleriot"]
[Result "1-0"]
[WhiteElo "1974"]
[BlackElo "1631"]

1. e4 Nc6 2. Nf3 e6 3. b3 Nf6 4. Nc3 e5 5. Bb2 d5 6. exd5 Nxd5 7. Bb5 Be7 8.
Nxe5 Nxc3 9. Bxc3 O-O 10. Nxc6 bxc6 11. Bxc6 Rb8 12. O-O Qd6 13. Qf3 Bg5 14.
Rfe1 Bf4 15. h3 Rb6 16. Be4 Qh6 17. Bd5 Be6 18. Bxe6 fxe6 19. Qg4 Bxd2 20. Bxd2
Qxd2 21. Re2 Qc3 22. Rae1 Rxf2 23. Kxf2 Qf6+ 24. Kg1 Qc3 25. Rxe6 Rb8 26. Re8+
Rxe8 27. Rxe8+ Kf7 28. Qe6# 1-0

[Event "Challenge"]
[Site "http://www.queenalice.com/game.php?id=148364"]
[Date "2006.12.31"]
[Round "-"]
[White "Mike36bh"]
[Black "waleriot"]
[Result "1/2-1/2"]
[WhiteElo "1680"]
[BlackElo "1613"]

1. d4 d5 2. Nc3 Nf6 3. Bf4 Bd7 4. Nf3 a6 5. h3 Nc6 6. a3 e6 7. e3 Bd6 8. Bxd6
cxd6 9. Be2 O-O 10. O-O h6 11. Qd3 e5 12. dxe5 dxe5 13. e4 Nxe4 14. Nxe4 dxe4
15. Qxe4 Re8 16. c3 Qe7 17. Bd3 f5 18. Bc4+ Be6 19. Qe2 e4 20. Nd2 Kh8 21. Rae1
Rad8 22. Rd1 Rd7 23. Ra1 Bxc4 24. Nxc4 f4 25. Qg4 f3 26. gxf3 exf3 27. Rfe1
Qxe1+ 28. Rxe1 Rxe1+ 29. Kh2 Rdd1 30. Qc8+ Kh7 31. Kg3 Rg1+ 32. Kxf3 Rd3+ 33.
Ke4 Rgd1 34. Qxb7 Nd8 35. Qxa6 Rxh3 36. Ne5 Rh4+ 37. Kf5 Rg1 38. f4 Rh5+ 39. Ke4
Re1+ 40. Kd4 Rh4 41. Qg6+ Kg8 42. Qe8+ Kh7 43. Qxd8 Rxf4+ 44. Kd3 Rxe5 45. Kc2
Rb5 46. b4 Re5 47. Kb3 Re2 48. Ka4 Re3 49. Qc8 Rff3 50. Kb3 h5 51. b5 Re7 52. b6
Rff7 53. c4 h4 54. c5 Re3+ 55. Kb4 Rf4+ 56. Kb5 Rxa3 57. b7 Rb3+ 58. Kc6 Rc4 59.
b8=Q Rxb8 60. Qxb8 Kh6 61. Qh8+ Kg6 62. Kd5 Rxc5+ 63. Kxc5 Kf6 64. Qxh4+ g5 65.
Qg4 Kg6 66. Kd5 Kf6 67. Qe6+ Kg7 68. Ke5 Kf8 69. Qf6+ Kg8 70. Qxg5+ Kf7 71. Qf6+
Ke8 72. Kd6 1/2-1/2

[Event "Challenge"]
[Site "http://www.queenalice.com/game.php?id=151833"]
[Date "2007.1.9"]
[Round "-"]
[White "waleriot"]
[Black "lmbagolin"]
[Result "0-1"]
[WhiteElo "1609"]
[BlackElo "1578"]

1. d4 d5 2. Nc3 Nf6 3. Nf3 g6 4. e3 a6 5. h3 Nc6 6. a3 b5 7. Bd3 e6 8. O-O Bg7
9. Qe2 Bb7 10. Ne5 Nxe5 11. dxe5 Nd7 12. e4 d4 13. Nd1 Bxe5 14. Bh6 g5 15. b4
Qf6 16. Qh5 Bf4 17. g3 Bd2 18. h4 Qg6 19. Qxg6 hxg6 20. Bxg5 Bxg5 21. hxg5 O-O-O
22. Kg2 f5 23. Re1 Rh5 24. f4 e5 25. Kf3 fxe4+ 26. Bxe4 Bxe4+ 27. Kxe4 Re8 28.
Nf2 exf4+ 29. Kxf4 Rf8+ 30. Ke4 Rxf2 31. Kxd4 Rxc2 32. Rad1 Rxg5 33. Re8+ Kb7
34. Kd3 Rc4 35. Ke2 Nf6 36. Rf8 Ne4 37. Rdd8 Rxg3 38. Rb8+ Kc6 39. Rf3 Rc2+ 40.
Ke3 Rxf3+ 41. Kxf3 Rc4 42. Re8 Nd2+ 43. Ke2 Nb1 44. Re6+ Kd5 45. Rxg6 Nxa3 46.
Rxa6 Nc2 47. Ra7 Nxb4 48. Ra8 Nc6 49. Rh8 b4 0-1

[Event "uh têrêrê"]
[Site "http://www.queenalice.com/game.php?id=152499"]
[Date "2007.1.10"]
[Round "-"]
[White "waleriot"]
[Black "databass"]
[Result "0-1"]
[WhiteElo "1620"]
[BlackElo "1581"]

1. e4 e5 2. Nc3 Nf6 3. Nf3 d6 4. d4 Nbd7 5. Bb5 c6 6. dxe5 dxe5 7. Bc4 Bc5 8. h3
O-O 9. Bd2 b5 10. Bb3 b4 11. Na4 Nxe4 12. Nxc5 Nexc5 13. Bxb4 Re8 14. Qd6 Bb7
15. O-O-O Nxb3+ 16. cxb3 a5 17. Bc3 e4 18. Nd4 c5 19. Nf5 Qg5+ 20. Ne3 Ne5 21.
Bd2 Nd3+ 22. Kc2 Nxf2 23. Ng4 e3 24. Rhf1 Be4+ 25. Kc1 exd2+ 26. Rxd2 Nd3+ 27.
Kd1 Red8 28. Rxd3 Bxd3 29. Qf4 Bxf1+ 30. Kc2 Qxf4 31. Kc3 Qd2# 0-1

[Event "Challenge"]
[Site "http://www.queenalice.com/game.php?id=152503"]
[Date "2007.1.10"]
[Round "-"]
[White "charles31"]
[Black "waleriot"]
[Result "1-0"]
[WhiteElo "1592"]
[BlackElo "1626"]

1. e4 Nc6 2. d4 d5 3. e5 Bf5 4. Nc3 e6 5. Nf3 h6 6. Bd3 Bg4 7. Be3 Bb4 8. O-O a6
9. a3 Ba5 10. b4 Bb6 11. h3 Bh5 12. Qe2 Nxd4 13. Bxd4 Bxd4 14. Qd2 Bxf3 15. gxf3
Bxe5 16. Rae1 Qd6 17. Rxe5 Qxe5 18. f4 Qh5 19. Kg2 Nf6 20. Qe2 g5 21. Qxh5 Nxh5
22. fxg5 Rg8 23. f4 hxg5 24. fxg5 Rxg5+ 25. Kh2 O-O-O 26. Rxf7 Rdg8 27. Bf1 Kd8
28. Na4 b6 29. Nc3 Kc8 30. Ne2 Kb7 31. a4 Ng7 32. Re7 e5 33. Rf7 Nf5 34. Nc3 Ne3
35. a5 d4 36. Ne4 Nxf1+ 37. Rxf1 Rg2+ 38. Kh1 b5 39. Nf2 Kc6 40. Ng4 Rxc2 41.
Rf6+ Kb7 42. Nxe5 Rc1+ 43. Kh2 Rd1 44. Nd7 Rd2+ 45. Kh1 Rdg2 46. Nc5+ Kc8 47. h4
Rg1+ 48. Kh2 R8g2+ 49. Kh3 Rg3+ 50. Kh2 R1g2+ 51. Kh1 Rb2 52. Nxa6 d3 53. Nc5 d2
54. Rf8# 1-0

[Event "i come back"]
[Site "http://www.queenalice.com/game.php?id=153205"]
[Date "2007.1.12"]
[Round "-"]
[White "mrGAD"]
[Black "waleriot"]
[Result "0-1"]
[WhiteElo "1280"]
[BlackElo "1618"]

1. e4 e5 2. a3 d5 3. Qe2 Nf6 4. Qb5+ Nc6 5. exd5 Nxd5 6. Qb3 Be6 7. h3 b6 8. c4
Na5 9. Qb5+ c6 10. Qa4 Be7 11. cxd5 Bxd5 12. Qg4 O-O 13. Nc3 Be6 14. Qe4 Nb3 15.
Rb1 Rc8 16. Nf3 Nd4 17. Nxe5 Qd6 18. Ba6 Rcd8 19. Bd3 Bf5 20. Qe3 b5 21. b4 Bxd3
22. Nxd3 Nc2+ 23. Kd1 Nxe3+ 24. dxe3 Qxd3+ 25. Bd2 Qxd2# 0-1

[Event "i come back"]
[Site "http://www.queenalice.com/game.php?id=153206"]
[Date "2007.1.12"]
[Round "-"]
[White "captainslog"]
[Black "waleriot"]
[Result "0-1"]
[WhiteElo "1488"]
[BlackElo "1620"]

1. c4 d6 2. Nc3 Nc6 3. g3 Nf6 4. Bg2 a6 5. d3 e5 6. Bg5 Be7 7. Bxf6 Bxf6 8. Ne4
Be6 9. Nf3 h6 10. Nxf6+ gxf6 11. O-O Qd7 12. Qb3 O-O-O 13. d4 exd4 14. Nxd4 Rde8
15. Rac1 Nxd4 16. Qxb7+ Kd8 17. Qa8+ Ke7 18. Qe4 f5 19. Qxd4 Qa4 20. b3 Qxa2 21.
Qd1 Rd8 22. Qc2 Qxc2 23. Rxc2 Rb8 24. Ra2 Ra8 25. Bxa8 Rxa8 26. Rfa1 Bc8 27. Ra5
Kf6 28. f4 Kg6 29. Rd5 Rb8 30. Ra3 Kf6 31. Rd3 Ke6 32. Ra4 Kd7 33. c5 Ke7 34.
cxd6+ cxd6 35. Rxa6 Bxa6 0-1

[Event "Challenge"]
[Site "http://www.queenalice.com/game.php?id=153261"]
[Date "2007.1.12"]
[Round "-"]
[White "alequis"]
[Black "waleriot"]
[Result "1-0"]
[WhiteElo "1702"]
[BlackElo "1598"]

1. d4 d5 2. c4 dxc4 3. Nf3 Nf6 4. e3 Nc6 5. Bxc4 e6 6. Bd2 Bd7 7. Qb3 b6 8. O-O
Ne4 9. Qc2 Qe7 10. Qxe4 O-O-O 11. Ba6+ Kb8 12. Ne5 Qd6 13. Nxf7 Qd5 14. Qxd5
exd5 15. Nxh8 Be6 16. f4 Bg8 17. a3 Re8 18. Rc1 Nd8 19. Bb5 Re6 20. Nc3 c6 21.
Bd3 Bd6 22. b4 Re8 23. f5 Rf8 24. b5 Rf6 25. e4 Bc7 26. e5 Rf8 27. bxc6 a6 28.
Bxa6 Ka7 29. Nb5+ Kxa6 30. Nxc7+ Ka7 31. g4 Kb8 32. Bb4 Rxf5 33. gxf5 Kxc7 34.
Bd6+ Kc8 35. e6 Nxe6 36. fxe6 Bxe6 37. Rab1 Bg8 38. Rxb6 Be6 39. Rb8# 1-0

[Event "Challenge"]
[Site "http://www.queenalice.com/game.php?id=157303"]
[Date "2007.1.22"]
[Round "-"]
[White "Bluemofia"]
[Black "waleriot"]
[Result "1-0"]
[WhiteElo "1705"]
[BlackElo "1610"]

1. e4 d5 2. d4 Nf6 3. e5 Ne4 4. f3 Nf2 5. Kxf2 e6 6. Bd3 Qh4+ 7. g3 Qxd4+ 8. Kg2
Qxe5 9. Ne2 Nc6 10. Nbc3 g5 11. f4 gxf4 12. Nxf4 Bh6 13. Re1 Qf6 14. Nh5 Qxc3
15. bxc3 Bxc1 16. Qxc1 h6 17. Bb5 Bd7 18. Nf6+ Kd8 19. Nxd7 Kxd7 20. Bxc6+ Kxc6
21. Qa3 b6 22. Qa4+ Kb7 23. c4 dxc4 24. Qxc4 Rhd8 25. Rad1 Re8 26. Qe4+ Ka6 27.
a4 f5 28. Qc4+ Ka5 29. Qb5# 1-0

[Event "agente 88"]
[Site "http://www.queenalice.com/game.php?id=159029"]
[Date "2007.1.25"]
[Round "-"]
[White "databass"]
[Black "waleriot"]
[Result "1-0"]
[WhiteElo "1704"]
[BlackElo "1598"]

1. e4 Nc6 2. d4 d5 3. Nc3 dxe4 4. Nxe4 Nxd4 5. c3 Nc6 6. Qxd8+ Nxd8 7. Nf3 Nc6
8. Bc4 Be6 9. Bxe6 fxe6 10. Nc5 Nd8 11. O-O b6 12. Ne4 Nc6 13. b4 O-O-O 14. b5
Nb8 15. c4 g6 16. a4 Nf6 17. Bb2 Rg8 18. Nxf6 Bg7 19. Nxg8 Bxb2 20. Nxe7+ Kb7
21. Rae1 a6 22. Rxe6 Rd6 23. Rxd6 cxd6 24. Rd1 axb5 25. cxb5 Ba3 26. Rd5 Nd7 27.
Ng5 Nf6 28. Rd3 Bc5 29. h3 h6 30. Ne6 Bb4 31. Nxg6 Kc8 32. Rf3 Nd5 33. Rf8+ Kd7
34. Nef4 Nxf4 35. Nxf4 d5 36. Rh8 d4 37. Rxh6 Bd2 38. Rh7+ Kd6 39. Nd3 Kd5 40.
Kf1 Kc4 41. Ke2 Bg5 42. g4 Kb3 43. f4 Bd8 44. g5 Kxa4 45. g6 Kxb5 46. g7 Ka4 47.
g8=Q b5 48. Qa2# 1-0

[Event "fight pesadao"]
[Site "http://www.queenalice.com/game.php?id=162522"]
[Date "2007.2.2"]
[Round "-"]
[White "Mike36bh"]
[Black "waleriot"]
[Result "1-0"]
[WhiteElo "1660"]
[BlackElo "1586"]

1. d4 d5 2. Nc3 Nc6 3. Bf4 e6 4. a3 a6 5. e4 dxe4 6. Nxe4 Nxd4 7. c3 Nc6 8. Bd3
Nf6 9. Nf3 Nxe4 10. Bxe4 Be7 11. b4 O-O 12. Qc2 g6 13. O-O Bf6 14. Rad1 Qe7 15.
h3 e5 16. Bh6 Bg7 17. Bxg7 Kxg7 18. Bxc6 bxc6 19. Rfe1 f6 20. Qe4 Bb7 21. c4
Rab8 22. c5 Ba8 23. Rd3 f5 24. Qxe5+ Qxe5 25. Rxe5 Rbd8 26. Rxd8 Rxd8 27. Re7+
Kf6 28. Rxh7 Bb7 29. Rxc7 Bc8 30. Rxc6+ Kg7 31. Ne5 Rd1+ 32. Kh2 Rd5 33. Rxg6+
Kh7 34. f4 Rxe5 35. fxe5 Kxg6 36. a4 Kf7 37. b5 Ke6 38. c6 Kxe5 39. b6 Kd6 40.
b7 Kc7 41. h4 Kb8 42. h5 Be6 43. h6 Bg8 44. Kg3 Bh7 45. Kf4 Kc7 46. g4 fxg4 47.
Kxg4 Be4 48. Kg5 Bxc6 49. h7 Kxb7 50. h8=Q Bxa4 51. Qb2+ Kc6 52. Kf5 Bb5 53. Ke5
a5 54. Qc3+ Kb6 55. Kd5 a4 56. Qb4 Ka6 57. Kc5 Bd7 58. Qb6# 1-0

[Event "hardfight"]
[Site "http://www.queenalice.com/game.php?id=170348"]
[Date "2007.2.18"]
[Round "-"]
[White "waleriot"]
[Black "Mike36bh"]
[Result "0-1"]
[WhiteElo "1573"]
[BlackElo "1643"]

1. d4 d5 2. Nc3 h6 3. e4 e6 4. exd5 exd5 5. Bd3 Bb4 6. a3 Bxc3+ 7. bxc3 Nf6 8.
h3 a6 9. Nf3 Nc6 10. Qe2+ Be6 11. Bf5 O-O 12. Bxe6 fxe6 13. O-O Ne4 14. c4 Nc3
15. Qxe6+ Rf7 16. cxd5 Nxd5 17. Re1 Nf6 18. Ne5 Nxe5 19. dxe5 Nd5 20. Qg4 g5 21.
Qh5 Nf4 22. Qxh6 Rh7 23. Qf6 Qxf6 24. exf6 c5 25. Re5 Nxh3+ 26. Kf1 Nf4 27.
Rxg5+ Kf7 28. Bxf4 Rh1+ 29. Ke2 Rxa1 30. Rg7+ Kxf6 31. Be5+ Kxe5 32. Rxb7 Rxa3
33. Re7+ Kd6 34. Re3 Ra2 35. Rc3 Kd5 36. Kd3 Rd8 37. Kd2 Kc6+ 38. Kc1 Re8 39.
Kb1 Ra5 40. Kb2 Rb8+ 41. Rb3 Re8 42. f3 c4 43. Rb4 Kc5 44. Kc3 Ra3+ 45. Kb2 Kxb4
46. c3+ Ka4 47. g4 Re2+ 48. Kc1 Ra1# 0-1

[Event "Challenge"]
[Site "http://www.queenalice.com/game.php?id=170478"]
[Date "2007.2.18"]
[Round "-"]
[White "waleriot"]
[Black "brendo"]
[Result "0-1"]
[WhiteElo "1560"]
[BlackElo "1499"]

1. d4 d5 2. Nc3 e6 3. e4 Bb4 4. Bd2 Nf6 5. exd5 Bxc3 6. dxe6 Bxd2+ 7. Qxd2 Bxe6
8. Be2 O-O 9. b3 Nc6 10. O-O-O Qd6 11. c4 Ne4 12. Qe3 Bf5 13. g4 Qa3+ 14. Kc2
Nb4+ 15. Kb1 Nc3+ 16. Ka1 Nc2# 0-1

[Event "2 fight"]
[Site "http://www.queenalice.com/game.php?id=170615"]
[Date "2007.2.18"]
[Round "-"]
[White "waleriot"]
[Black "scalp"]
[Result "1-0"]
[WhiteElo "1566"]
[BlackElo "1617"]

1. d4 d5 2. Nc3 Nf6 3. e3 Nc6 4. Bd3 e5 5. dxe5 Nxe5 6. Nf3 Bg4 7. Be2 Bxf3 8.
gxf3 Bc5 9. b3 d4 10. Ne4 Nxe4 11. fxe4 dxe3 12. Bxe3 Bxe3 13. fxe3 Qh4+ 14. Kf1
Rd8 15. Qe1 Qxe4 16. Rg1 Qxe3 17. Rxg7 Ng6 18. Bc4 Qxe1+ 19. Rxe1+ Kd7 20. Be6+
Kc6 21. Bxf7 Rd7 22. Kg1 Kc5 23. Re4 Rf8 24. Rc4+ Kd6 25. Rd4+ Kc6 26. Rxd7 Kxd7
27. Bxg6+ Ke6 28. Rxh7 Ke5 29. Bd3 Kd4 30. Rxc7 Ke3 31. Rxb7 Rf2 32. h4 Rd2 33.
Rxa7 Kf3 34. Rg7 Rd1+ 35. Kh2 1-0

[Event "Challenge"]
[Site "http://www.queenalice.com/game.php?id=171121"]
[Date "2007.2.19"]
[Round "-"]
[White "Mike36bh"]
[Black "waleriot"]
[Result "1-0"]
[WhiteElo "1693"]
[BlackElo "1577"]

1. d4 d5 2. Nc3 g6 3. Bf4 a6 4. e4 Nf6 5. Be5 Bg7 6. exd5 O-O 7. a4 c6 8. h3
cxd5 9. Nf3 Qa5 10. Bd3 Ne4 11. Bxe4 dxe4 12. Nd2 Bxe5 13. dxe5 Qxe5 14. O-O Rd8
15. Qe2 Be6 16. Ndxe4 Bf5 17. f3 Nc6 18. Qe3 Rd4 19. Rad1 Rad8 20. Rxd4 Nxd4 21.
Rc1 Ne6 22. Re1 Nd4 23. Qd3 Ne6 24. Qc4 Rd4 25. Qc8+ Kg7 26. Qxb7 Nc5 27. Qc6
Bd7 28. Qxc5 Qxc5 29. Nxc5 Bf5 30. Rxe7 Rd2 31. b4 Rxc2 32. Nd5 a5 33. Ne3 Rc1+
34. Kf2 axb4 35. Rc7 b3 36. Rb7 Rxc5 37. Rxb3 Kf6 38. g4 Be6 39. Rb6 Ra5 40. Rb4
Ke5 41. Re4+ Kd6 42. h4 Kc5 43. f4 Bd5 44. Nxd5 Kxd5 45. Re5+ Kd4 46. Rxa5 Ke4
47. Kg3 f6 48. Ra6 f5 49. a5 fxg4 50. Kxg4 Kd5 51. f5 gxf5+ 52. Kxf5 1-0

[Event "Challenge"]
[Site "http://www.queenalice.com/game.php?id=176343"]
[Date "2007.3.2"]
[Round "-"]
[White "Mike36bh"]
[Black "waleriot"]
[Result "1-0"]
[WhiteElo "1740"]
[BlackElo "1584"]

1. d4 d5 2. Nc3 Nf6 3. Bf4 a6 4. h3 e6 5. a3 Bd6 6. Bg5 h6 7. Bxf6 Qxf6 8. e4
O-O 9. e5 Bxe5 10. dxe5 Qxe5+ 11. Be2 d4 12. Nf3 Qf6 13. Ne4 Qe7 14. Qxd4 Nc6
15. Qe3 Bd7 16. O-O Rad8 17. c3 f5 18. Ned2 Be8 19. Nc4 b5 20. Nce5 f4 21. Qe4
Nxe5 22. Nxe5 Rf5 23. c4 Rd2 24. Bg4 Rf6 25. b3 h5 26. Bf3 bxc4 27. bxc4 Rf5 28.
a4 Qf6 29. Qa8 Rd8 30. Qxa6 Rxe5 31. Rac1 Rd6 32. Qc8 Qe7 33. c5 Rd8 34. Qa6 Rb8
35. Qc4 Kh7 36. Qxf4 Rxc5 37. Rxc5 Qxc5 38. Be4+ g6 39. Rc1 e5 40. Qg5 Qa5 41.
f3 Rb2 42. Qe7+ Kh6 43. Qxe8 Qb6+ 44. Kh2 Rxg2+ 45. Kxg2 Qb2+ 46. Rc2 Qxc2+ 47.
Bxc2 Kg7 48. Qxg6+ Kf8 49. Bb3 Ke7 50. Qe6+ Kd8 51. a5 h4 52. a6 c6 53. a7 Kc7
54. a8=Q e4 55. Qexc6# 1-0